[Event "Pinneberg op Seniors 10th"]
[Site "Pinneberg"]
[Date "2009.07.09"]
[Round "3"]
[White "Mania, Irmgard"]
[Black "Koch, Peter Martin"]
[Result "0-1"]
[WhiteElo "854"]
[BlackElo "1224"]
[PlyCount "29"]
[EventDate "2009.06.25"]
[EventType "swiss"]
[EventRounds "4"]
[EventCountry "GER"]
[SourceTitle "EXT 2011"]
[Source "ChessBase"]
[SourceDate "2010.11.26"]
[SourceVersion "1"]
[SourceVersionDate "2010.11.26"]
[SourceQuality "1"]

1. e4 e5 2. Nf3 Nf6 3. Nc3 Bc5 4. g3 Nc6 5. Bb5 d6 6. Bxc6+ bxc6 7. 0-0 Bh3 8. Re1 Ng4 9. d3 Bxf2+ 10. Kh1 Bxe1 11. Qxe1 h6 12. Ng1 Qf6 13. Qe2 Nf2+ 14. Qxf2 Qxf2 15. Nge2 0-1

[Event "Pinneberg op Seniors 05th"]
[Site "Pinneberg"]
[Date "2004.07.01"]
[Round "5"]
[White "Schmidt, Guenter"]
[Black "Mania, Irmgard"]
[Result "1-0"]
[WhiteElo "1317"]
[BlackElo "887"]
[PlyCount "83"]
[EventDate "2004.06.03"]
[EventType "swiss"]
[EventRounds "5"]
[EventCountry "GER"]
[SourceTitle "EXT 2011"]
[Source "ChessBase"]
[SourceDate "2010.11.26"]
[SourceVersion "1"]
[SourceVersionDate "2010.11.26"]
[SourceQuality "1"]

1. e4 e5 2. Nf3 Nf6 3. d4 exd4 4. e5 Ne4 5. Qxd4 f5 6. Be3 Nc6 7. Qd1 d6 8. exd6 Bxd6 9. Bd3 Qe7 10. 0-0 f4 11. Bd2 Bf5 12. Re1 Qf6 13. Nc3 0-0-0 14. Bxe4 Bxe4 15. Rxe4 g5 16. Qb1 h5 17. Nd5 Qf5 18. Qe1 Qxd5 19. Bc3 Rhg8 20. a3 g4 21. Rd1 Qf5 22. Nd4 Nxd4 23. Bxd4 g3 24. h3 gxf2+ 25. Bxf2 Qxh3 26. Qf1 f3 27. g3 Qg2+ 28. Qxg2 fxg2 29. Rd3 Rde8 30. Rxe8+ Rxe8 31. Kxg2 b6 32. b4 Rg8 33. Kh3 Be7 34. c4 Bd6 35. Rd5 Kd7 36. Rxh5 Ke8 37. g4 Be7 38. Bd4 Kf7 39. Rh7+ Kg6 40. Rxe7 Rh8+ 41. Kg3 Kg5 42. Bxh8 1-0

[Event "Pinneberg op Seniors 05th"]
[Site "Pinneberg"]
[Date "2004.06.24"]
[Round "4"]
[White "Zedler, Ernst"]
[Black "Mania, Irmgard"]
[Result "1-0"]
[WhiteElo "1240"]
[BlackElo "887"]
[PlyCount "88"]
[EventDate "2004.06.03"]
[EventType "swiss"]
[EventRounds "5"]
[EventCountry "GER"]
[SourceTitle "EXT 2006"]
[Source "ChessBase"]
[SourceDate "2005.11.24"]
[SourceVersion "1"]
[SourceVersionDate "2005.11.24"]
[SourceQuality "1"]

1. e4 e5 2. Nf3 Nf6 3. d3 Bc5 4. h3 d6 5. Be2 Nc6 6. c3 Be6 7. 0-0 0-0 8. Nbd2 h6 9. Nb3 b5 10. Nxc5 dxc5 11. Qc2 a5 12. Be3 Qd6 13. b3 b4 14. Qc1 a4 15. cxb4 cxb4 16. Bc5 Qd7 17. Bxf8 Kxf8 18. Qc5+ Qd6 19. Qxd6+ cxd6 20. Bd1 a3 21. Rc1 Rc8 22. Re1 Na7 23. Rxc8+ Nxc8 24. Be2 Ne7 25. Rc1 g5 26. g4 Kg7 27. Kg2 Ng6 28. Kh2 Nf4 29. Bf1 d5 30. Re1 dxe4 31. dxe4 Kg6 32. Nxe5+ Kg7 33. Nd3 Nxd3 34. Bxd3 h5 35. e5 Nd7 36. gxh5 Kh6 37. Bc2 Kxh5 38. Kg3 g4 39. hxg4+ Bxg4 40. Bd1 Bxd1 41. Rxd1 Nxe5 42. Rd5 f6 43. f4 f5 44. Rxe5 Kg6 1-0

[Event "Pinneberg op Seniors 05th"]
[Site "Pinneberg"]
[Date "2004.06.03"]
[Round "1"]
[White "Von Hohenthal, Ludwig"]
[Black "Mania, Irmgard"]
[Result "1-0"]
[WhiteElo "1323"]
[BlackElo "887"]
[PlyCount "62"]
[EventDate "2004.06.03"]
[EventType "swiss"]
[EventRounds "5"]
[EventCountry "GER"]
[SourceTitle "EXT 2006"]
[Source "ChessBase"]
[SourceDate "2005.11.24"]
[SourceVersion "1"]
[SourceVersionDate "2005.11.24"]
[SourceQuality "1"]

1. e4 e5 2. Nf3 Nf6 3. d3 d6 4. h3 Nc6 5. Bd2 b6 6. Be2 Be7 7. 0-0 0-0 8. a3 Bb7 9. Nc3 a6 10. Nd5 Nxd5 11. exd5 Nd4 12. Nxd4 exd4 13. c4 Re8 14. Kh2 Bf6 15. Bf3 g6 16. Be4 Be5+ 17. f4 Bf6 18. f5 b5 19. b3 a5 20. cxb5 Bc8 21. a4 Be5+ 22. Kh1 Bd7 23. Rc1 Qc8 24. g4 gxf5 25. gxf5 f6 26. Rg1+ Kf7 27. Qh5+ Ke7 28. Qxh7+ Kd8 29. Rg7 Re7 30. Rcg1 Rxg7 31. Qh8+ Ke7 1-0